01633cam a2200253 i 45000010005000000030006000050050017000110080041000280100017000690200031000860400028001170500015001450820012001601000035001722450138002072600060003453000025004053360021004303370025004513380023004765200805004996500040013047000035013444363FISKH20240816145736.0130110s2013 nyu 000 1 eng  a 2012050355 a9780811220309 (alk. paper) aDLCbengcDLCerdadDLC aPQ2637.A82 a843.9141 aSartre, Jean-Paul,d1905-1980.10aNausea /cJean-Paul Sartre ; translated from the French by Lloyd Alexander ; foreword by Richard Howard ; introduction by James Wood. aPhnom Penh : bFootprints International School, c2024. a220 pages : b21 cm  atext2rdacontent aunmediated2rdamedia avolume2rdacarrier aNausea is the story of Antoine Roque tin, a French writer who is horrified at his own existence. In impressionistic, diary form he ruthlessly catalogs his every feeling and sensation. His thoughts culminate in a pervasive, overpowering feeling of nausea which "spreads at the bottom of the viscous puddle, at the bottom of our time -- the time of purple suspenders and broken chair seats; it is made of wide, soft instants, spreading at the edge, like an oil stain. "Winner of the 1964 Nobel Prize in Literature (though he declined to accept it), Jean-Paul Sartre -- philosopher, critic, novelist, and dramatist -- holds a position of singular eminence in the world of French letters. La Nausea, his first and best novel, is a landmark in Existential fiction and a key work of the twentieth century.  aExistentialism xFrench literature 1 aAlexander, Lloyd,etranslator.